[Event "53rd Biel Blitz 2020"]
[Site "Biel"]
[Date "2020.07.25"]
[Round "10.1"]
[White "Studer, Noel"]
[Black "Wojtaszek, Radoslaw"]
[Result "0-1"]
[WhiteElo "2422"]
[BlackElo "2690"]
[Annotator "TA"]
[PlyCount "156"]
[EventDate "2020.07.21"]
[EventType "tourn"]
[EventCountry "SUI"]
[SourceTitle "playchess.com"]
[Source "ChessBase"]
[SourceQuality "1"]

{[%evp 9,156,7,22,19,18,23,22,28,20,21,27,5,5,1,8,6,4,-8,0,0,0,0,0,0,0,0,0,0,29,0,4,0,0,6,21,35,13,4,6,-5,0,-15,0,-37,-37,-151,-143,-146,-36,-61,-4,-95,-77,-61,-60,-69,-81,-76,-70,-60,-75,-46,-50,-38,-8,-27,-7,-6,-7,-99,-110,-181,-177,-314,-312,-294,-281,-310,-311,-402,-292,-490,-488,-424,-60,-52,-55,-56,-26,-26,-27,-66,-31,-120,-123,-220,0,-181,-109,-301,-294,-342,-303,-396,-386,-387,-385,-530,-520,-469,-495,-477,-464,-466,-431,-509,-515,-491,-483,-648,-642,-767,-758,-29986,-728,-707,-689,-726,-692,-659,-546,-29976,-29978,-29978,-29979,-29979,-29980,-29980,-29981,-29985,-29986,-29986,-29987,-29988,-29989,-29993,-29980,-29987,-29988]} 1. d4 Nf6 2. c4 e6 3. Nf3 b6 4. g3 Ba6 5. Nbd2 Bb4 6. Qa4 {E15: Queen's Indian: 4 g3 sidelines, 4 g3 Ba6 and 4 g3 Bb7 early deviations.} Qe7 7. a3 Bxd2+ $1 8. Bxd2 {The position is equal.} Bb7 9. Bg2 O-O 10. O-O d6 11. Rac1 Nbd7 12. Rfd1 a5 {[#]} 13. Qc2 $146 ({Predecessor:} 13. Bg5 Rfc8 14. Ne1 Bxg2 15. Nxg2 c6 16. Ne3 h6 17. Bxf6 Qxf6 18. Qc2 a4 19. Qe4 {0-1 (44) Mueller,R (2346)-Dann,M (2493) Karlsruhe 2017}) 13... a4 14. Ne1 Bxg2 15. Nxg2 e5 16. Bc3 Rfe8 17. Ne3 exd4 18. Bxd4 Qe4 19. Qc3 (19. f3 $5 {[%cal Rf3e4]} Qxc2 20. Rxc2 $11) 19... Rac8 20. Rc2 h5 21. f3 Qe6 22. Ng2 Ne5 23. e4 Nfd7 24. Rf1 Nc5 25. Re1 f5 26. Nf4 Qf7 27. Bxc5 (27. Bxe5 $15 dxe5 28. Nd3) 27... bxc5 $17 28. Kg2 Nc6 (28... Rb8 $1 $17 {[%cal Rb8b3] White must now prevent ...Rb3.} 29. exf5 Qxf5) 29. Rf2 Nd4 (29... fxe4 $15 30. fxe4 Rb8) 30. Qa5 (30. Ne2 $11) 30... fxe4 31. fxe4 Qxc4 32. Nxh5 Re5 33. Nf4 Nb3 (33... Nc6 {keeps more tension.} 34. Qc3 Qxc3 35. bxc3 Rb8 36. Nd5 Rb7) 34. Qc3 Qxc3 $1 35. bxc3 Rce8 36. Rfe2 $1 Na5 37. Nd5 Nc4 $36 {[%mdl 2048] Black is pushing.} 38. Nxc7 Rb8 39. Rd1 (39. Ra1 $11 {keeps the balance.}) 39... Rb3 40. Nd5 (40. Kg1 $17 {was necessary.}) 40... Rxa3 $19 41. Rb1 (41. Kf3 $142) 41... Rb3 42. Ra1 a3 {[%cal Ba4a3,Ba3a2][%mdl 32]} 43. Kf3 Re8 44. h4 Rb2 45. Ree1 $2 (45. Nf4 {keeps fighting.}) 45... a2 46. Re2 Rxe2 $2 (46... Nd2+ $1 $19 47. Kg4 Rxe4+ 48. Rxe4 Nxe4) 47. Kxe2 {[%mdl 4096] Endgame KRN-KRN} Ra8 48. Kd3 Ne5+ 49. Kc2 Kf7 50. Ne3 Ke6 51. Kb2 (51. Kb3 $15) 51... Nd3+ $17 52. Kc2 (52. Kb3 $17) 52... Ne5 $2 (52... Nf2 $19 53. g4 Nxe4) 53. Ng2 $2 {[#]} (53. Kb2 $11 {and White is okay.}) 53... Nc4 ({Better is} 53... Ng4 $1 $19 54. Kb3 Nf2) 54. Kb3 $2 {This move loses the game for White.} (54. Nf4+ $17 {might work better.} Ke5 55. Kd3) 54... Nd2+ $19 55. Kc2 Nxe4 56. Nf4+ Kf5 57. Ne2 Kg4 58. Kb2 Nxg3 59. Nc1 Kxh4 60. Nxa2 g5 61. Rd1 Ra6 62. c4 Ne4 {And now ...Rxa2+! would win.} 63. Re1 Nd2 64. Rc1 g4 65. Rc2 Ne4 66. Re2 {[#]} Ng5 (66... Rxa2+ $142 $1 67. Kxa2 Nc3+ {[%mdl 64] Double Attack} 68. Ka3 Nxe2 69. Ka4 g3 70. Kb5 Nd4+ 71. Kb6 g2 72. Kc7 g1=Q 73. Kxd6 Qg5 74. Kc7 Qe7+ 75. Kb6 Qd6+ 76. Ka7 Qc6 77. Kb8 Ne6 78. Ka7 Nd8 79. Kb8 Qb7#) 67. Nc3 g3 68. Nd1 Ra8 69. Ne3 Kh3 70. Ng2 Rf8 {Black mates.} 71. Kc3 Rf2 72. Rxf2 gxf2 {KN-KN} 73. Ne3 Kg3 74. Kd3 Kf3 75. Nf1 Ne4 76. Nh2+ Kg2 77. Ng4 Ng3 78. Ne3+ Kf3 {Accuracy: White = 51%, Black = 76%.} 0-1

[Event "53rd Biel Blitz 2020"]
[Site "Biel"]
[Date "2020.07.25"]
[Round "10.2"]
[White "Keymer, Vincent"]
[Black "Adams, Michael"]
[Result "0-1"]
[WhiteElo "2476"]
[BlackElo "2709"]
[Annotator "TA"]
[PlyCount "78"]
[EventDate "2020.07.21"]
[EventType "tourn"]
[EventCountry "SUI"]
[SourceTitle "playchess.com"]
[Source "ChessBase"]
[SourceQuality "1"]

{[%evp 9,78,1,9,12,37,25,28,31,29,35,28,39,64,-18,-8,-38,-35,-24,0,-19,0,0,0,0,20,18,20,16,16,10,22,0,15,11,14,-63,17,13,104,99,72,26,45,14,14,12,22,8,9,15,39,6,34,38,54,34,52,65,55,58,131,132,162,-327,-164,-449,-448,-866,-814,-29998,-29999]} 1. Nf3 d5 2. e3 Nf6 3. c4 e6 4. Nc3 Bd6 5. b3 b6 6. Bb2 {A17: English Opening: 1...Nf6 with ...Bb4.} Bb7 7. cxd5 exd5 8. Nb5 {White has an edge.} Be7 9. Be5 Na6 10. Rc1 {[%cal Re5c7] [#]} c6 $146 ({Predecessor:} 10... c5 11. Be2 O-O 12. a3 Ne4 13. d4 Bf6 14. Bf4 g5 15. Be5 Bxe5 16. Nxe5 f6 {½-½ (62) Jusic,Z (2330)-Dizdar,G (2510) Zadar 1995}) 11. Nc3 ({Better is} 11. Nbd4 $14) 11... Nc5 12. d3 O-O 13. Be2 Re8 14. O-O Bf8 15. h3 a5 16. Bh2 Ne6 17. d4 Rc8 18. Bd3 g6 19. Re1 Bg7 20. Qd2 Re7 21. a3 c5 22. Be5 (22. Nb5 $11) 22... Rd7 (22... Ne4 $15 23. Qb2 f6) 23. Qb2 $11 Ne4 {[#]} (23... Re7 $11 {keeps the balance.}) 24. Bxg7 $1 $16 Nxg7 25. dxc5 Nxc5 26. Bb5 Rdc7 27. b4 axb4 28. axb4 Nce6 $1 {Strongly threatening ...Qf6.} 29. Ne2 $36 {[%mdl 2048] White has good play.} Nf5 30. Bd3 {Hoping for Rxc7.} Nd6 31. Rxc7 Rxc7 32. Ne5 Nc4 33. Bxc4 dxc4 34. Ng4 c3 (34... Kf8 $14) 35. Nxc3 {aiming for Rd1.} h5 36. Ne5 $4 {[%mdl 8192] [#]} (36. Rd1 $18 Qh4 37. g3 Qxh3 38. Nf6+ Kf8 39. e4) 36... Bxg2 (36... Qg5 $142 $1 {[%csl Gb7][%cal Rg5g2][%mdl 512]} 37. f4 Qg3) 37. f4 $2 (37. Nb5 Bxh3 38. f4) 37... Bb7 $19 38. Nb5 {[#]} (38. Nd1 $142 Be4 39. Nc3) 38... Qd5 $1 {[%mdl 512] ( -> ...Qh1+)} 39. Nxc7 Qh1+ {[%mdl 64] Double Attack. Accuracy: White = 58%, Black = 64%.} ({Weaker is} 39... Nxc7 40. Kh2 $16) 0-1

[Event "53rd Biel Blitz 2020"]
[Site "Biel"]
[Date "2020.07.25"]
[Round "10.4"]
[White "Edouard, Romain"]
[Black "Anton Guijarro, David"]
[Result "0-1"]
[WhiteElo "2614"]
[BlackElo "2590"]
[Annotator "TA RC"]
[PlyCount "46"]
[EventDate "2020.07.21"]
[EventType "tourn"]
[EventCountry "SUI"]
[SourceTitle "playchess.com"]
[Source "ChessBase"]
[SourceQuality "1"]

{[%evp 9,46,23,18,-11,-12,-52,8,-4,0,0,0,-20,0,-16,0,-5,-6,-27,0,-10,0,-5,0,-122,-126,-202,-204,-416,-388,-495,-495,-495,-487,-29990,-1546,-2053,-1966,-29997,-29998]} 1. c4 e5 2. Nc3 Nc6 3. Nf3 g6 4. d4 exd4 5. Nxd4 Bg7 6. Nf3 {A27: English Opening: Three Knights Variation.} d6 7. h3 {[#]} Nge7 $146 (7... Bxc3+ $15 8. bxc3 Qe7) ({Predecessor:} 7... Nf6 8. Bg5 O-O 9. e3 Be6 10. Bd3 Ne5 11. O-O Nxc4 12. Qe2 Ne5 13. Nxe5 dxe5 {½-½ (51) Nordquelle,P (1599)-Davidsson,J Reykjavik 2015}) 8. e4 {The position is equal.} O-O 9. Be2 f5 10. exf5 Nxf5 11. O-O Nfd4 12. Nxd4 Nxd4 13. Bg4 c6 14. Bxc8 Rxc8 15. Be3 Nf5 $36 {[%mdl 2048] Black fights for an advantage.} 16. Bxa7 (16. Qd3 $11) 16... b6 $1 $17 {Strongly threatening ...Ra8.} 17. Na4 {[#]} (17. Qb3 $17 Nd4 18. Qxb6) 17... Bd4 $1 $19 {[%mdl 1024] Black has strong compensation.} 18. Qb3 $2 {[#]} (18. a3) 18... Qg5 $1 {White must now prevent ...Nh4.} 19. Qd1 h5 {Hoping for ...Nh4.} ({Weaker is} 19... Nh4 20. Qg4 $17) 20. Kh1 {[#]} Nh4 $1 {[%csl Gh4][%cal Rg5g2][%mdl 512]} 21. g3 (21. Rg1 $19 Bxf2 22. Bxb6 Bxg1 23. Qxg1) 21... Bxf2 (21... Qf5 $142 22. gxh4 Qxh3+ {[%mdl 64] Double Attack} 23. Kg1 Rf4 24. Qxd4 Rxd4 25. f4 Rd2 26. Rf2 Qg3+ {[%mdl 64] Double Attack} 27. Kh1 Rxf2 28. Nxb6 Qh2#) 22. gxh4 Qg3 {[%cal Rg3h3]} 23. Rxf2 Rxf2 {Accuracy: White = 36%, Black = 79%.} 0-1

[Event "53rd Biel Blitz 2020"]
[Site "Biel"]
[Date "2020.07.25"]
[Round "11.1"]
[White "Studer, Noel"]
[Black "Edouard, Romain"]
[Result "0-1"]
[WhiteElo "2422"]
[BlackElo "2614"]
[Annotator "TA"]
[PlyCount "80"]
[EventDate "2020.07.21"]
[EventType "tourn"]
[EventCountry "SUI"]
[SourceTitle "playchess.com"]
[Source "ChessBase"]
[SourceQuality "1"]

{[%evp 9,80,23,35,27,55,41,72,72,65,64,73,73,74,79,66,76,77,73,82,63,83,75,64,24,19,13,23,0,0,0,0,0,18,13,27,2,24,36,27,-99,0,-181,-194,-185,-144,-151,-151,-143,-125,-134,-142,-159,-160,-200,-214,-179,-199,-500,-329,-370,-362,-360,-353,-676,-304,-767,-768,-5385,-2347,-1875,-1185,-5137,-5126]} 1. d4 e6 2. c4 Bb4+ 3. Nd2 b6 4. a3 Bxd2+ 5. Qxd2 Bb7 6. f3 {A40: Unusual replies to 1 d4.} f5 7. e3 Nf6 8. Bd3 {White is better.} O-O 9. Ne2 a5 10. b3 {[%cal Bb2b3,Bb3b4][%mdl 32]} d6 11. Bb2 Nbd7 12. O-O Qe7 13. b4 {[#]} Nh5 $146 ({Predecessor:} 13... axb4 14. axb4 Nh5 15. e4 fxe4 16. fxe4 e5 17. d5 Rxa1 18. Rxa1 Ndf6 19. Qg5 Bc8 {1-0 (42) Zhukova,N (2499)-Vasilevich,I (2324) Moscow 2010}) 14. Nf4 Nhf6 15. Bc2 e5 16. Ne2 e4 17. d5 exf3 18. Rxf3 Ne5 19. Bxe5 $1 Qxe5 20. Raf1 Ng4 {[%csl Gg4][%cal Re5h2]} 21. Ng3 $1 {[%cal Rc2f5]} axb4 22. axb4 {[%cal Rc2f5]} g6 23. h3 Nf6 24. Rf4 (24. Nxf5 $11 gxf5 25. Rxf5) 24... Ra2 ({Black should play} 24... Ra1 $17 25. Rxa1 Qxa1+ 26. Kh2 b5 $1 {[%mdl 512]}) 25. R1f2 $2 {[#]} (25. e4 $11) 25... b5 $1 $19 {[%mdl 512]} 26. Qd4 (26. cxb5 Bxd5) 26... Qxd4 27. Rxd4 bxc4 28. Rxc4 Nxd5 {Hoping for ...Ra1+.} 29. Bb3 Ra1+ 30. Kh2 {Rxc7 is the strong threat.} Kg7 31. e4 fxe4 32. Rxf8 Kxf8 33. Nxe4 $2 (33. Rxe4 Rb1 34. Bxd5 Bxd5 35. Rd4) 33... Rb1 34. Nd2 Rb2 35. Rd4 Ne3 36. Rf4+ $2 (36. Kg1 Nxg2 37. Kf2) 36... Ke7 (36... Ke8 $142 37. Rf2 {[#]} Rxd2 $1 {[%mdl 576] Remove Defender, Deflection, Decoy} 38. Rxd2 Nf1+ {[%mdl 64] Double Attack} 39. Kg1 Nxd2) 37. Rf2 $2 {[#]} (37. Rf7+ Kd8 38. Rf8+ Kd7 39. Rf7+ Kd8 40. Rf8+ Kd7 41. Rf7+ Kc6 42. Nc4 Nxc4 43. Bxc4) 37... Rxd2 $1 {[%mdl 512] Black is clearly winning.} 38. Rf7+ (38. Rxd2 Nf1+) 38... Kd8 39. Rf8+ Kd7 40. Rf7+ Ke8 {Accuracy: White = 59%, Black = 69%.} 0-1

[Event "53rd Biel Blitz 2020"]
[Site "Biel"]
[Date "2020.07.25"]
[Round "11.2"]
[White "Harikrishna, Pentala"]
[Black "Anton Guijarro, David"]
[Result "0-1"]
[WhiteElo "2663"]
[BlackElo "2590"]
[Annotator "TA"]
[PlyCount "101"]
[EventDate "2020.07.21"]
[EventType "tourn"]
[EventCountry "SUI"]
[SourceTitle "playchess.com"]
[Source "ChessBase"]
[SourceQuality "1"]

{[%evp 9,101,20,27,33,36,36,29,16,6,0,17,0,0,-6,13,0,54,52,64,37,47,37,41,45,115,104,104,97,93,7,8,0,6,-37,-30,-36,0,0,0,0,0,0,56,-29,-25,-26,-29,-44,-58,-285,-265,-311,-319,-355,-366,-333,-359,-385,-356,-356,-367,-654,-656,-611,-602,-582,-553,-734,-684,-636,-401,-793,-757,-750,-737,-742,-744,-743,-737,-29981,-29982,-29981,-29982,-29987,-29980,-29983,-29984,-29984,-29982,-29986,-29987,-29987,-29988,-29988]} 1. d4 f5 2. Bg5 g6 3. e3 Bg7 4. Nd2 d6 5. Bc4 h6 6. Bh4 {A80: Dutch Defence: Unusual White second moves.} Nf6 {[#]} 7. Bxf6 $146 ({Predecessor:} 7. c3 e6 8. Ne2 Qe7 9. Nf4 Qf7 10. Bxf6 Qxf6 11. Qb3 d5 12. Be2 Nd7 13. Nd3 {0-1 (49) Van Ketel,R (2287)-Nikolic,P (2623) Leiden 2009}) 7... Bxf6 8. Ne2 {Threatens to win with Nf4.White has an edge.} e5 9. dxe5 dxe5 10. e4 f4 11. g3 Nc6 12. gxf4 Qe7 (12... Bg4 $11) 13. f5 $1 $14 gxf5 14. Ng3 h5 $1 15. c3 Bg5 16. Nf3 f4 ({Black should play} 16... fxe4 $14 17. Nxg5 (17. Nxe4 Bf4 $11) 17... Qxg5) 17. Nf5 $16 Bxf5 18. exf5 Bf6 19. Qd5 (19. Be6 $16) 19... e4 $132 {[%mdl 2048] Hoping for ...Rd8. Black is not holding back} 20. Nd2 e3 21. Ne4 {Strongly threatening Rg1.} Rd8 22. Qe6 $1 Qxe6 23. Bxe6 Bh4 24. Ke2 $1 Bxf2 {aiming for ...Ne5.} 25. Rad1 Ke7 ({Black should try} 25... Ne5 $11 26. Nf6+ (26. Nxf2 exf2 27. Rxd8+ Kxd8 $11) 26... Ke7 27. Nd5+ Rxd5 $1 {[%mdl 512]} 28. Bxd5 Kf6) 26. Nxf2 (26. Bb3 $1 $14) 26... exf2 27. Kxf2 Ne5 28. Rd4 c5 29. Rxd8 $2 {Now White is beyond hope.} (29. Rdd1 $1 $15) 29... Rxd8 $15 {[%mdl 4096] Endgame KRB-KRN} 30. Ke2 Kf6 31. Rg1 f3+ 32. Ke3 Rd3+ 33. Ke4 {intending Rg6+.} f2 34. Rf1 {[#]} Rd2 $1 35. b4 $2 (35. Ke3 Rxb2 36. h3) 35... cxb4 $19 36. cxb4 Ng4 37. Bc4 Nxh2 38. Rh1 Rc2 39. Bd3 Rb2 40. Kd4 (40. a3 $142) 40... Rxb4+ 41. Kc3 Rh4 {...Rh3 is the strong threat.} 42. Kc2 Kg5 43. a4 Ng4 44. Rxh4 Kxh4 {KB-KN. Black mates.} 45. Kd2 Kg3 46. Be2 Nf6 47. Ke3 h4 48. Bf1 b6 49. Kd4 h3 50. Ke5 Ng4+ 51. Kd4 {Accuracy: White = 59%, Black = 80%.} 0-1

[Event "53rd Biel Blitz 2020"]
[Site "Biel"]
[Date "2020.07.25"]
[Round "11.3"]
[White "Keymer, Vincent"]
[Black "Naiditsch, Arkadji"]
[Result "1-0"]
[WhiteElo "2476"]
[BlackElo "2581"]
[Annotator "RC"]
[PlyCount "71"]
[EventDate "2020.07.21"]
[EventType "tourn"]
[EventCountry "SUI"]
[SourceTitle "playchess.com"]
[Source "ChessBase"]
[SourceQuality "1"]
[TimeControl "180+2"]

1. d4 {[%emt 0:00:00]} Nf6 {[%emt 0:00:00]} 2. c4 {[%emt 0:00:00]} e6 {[%emt 0:00:00]} 3. Nf3 {[%emt 0:00:01]} Bb4+ {[%emt 0:00:00]} 4. Nbd2 {[%emt 0:00:01]} c5 {[%emt 0:00:01]} 5. a3 {[%emt 0:00:07]} Bxd2+ {[%emt 0:00:02]} 6. Bxd2 {[%emt 0:00:02]} cxd4 {[%emt 0:00:02]} 7. Nxd4 {[%emt 0:00:04]} d5 {[%emt 0:00:00]} 8. e3 {[%emt 0:00:07]} O-O {[%emt 0:00:03]} 9. Qc2 {[%emt 0:00:31]} e5 {[%emt 0:00:08]} 10. Nf3 {[%emt 0:00:03]} e4 {[%emt 0:00:26]} 11. Nd4 {[%emt 0:00:05]} Nbd7 {[%emt 0:00:03]} 12. h3 {[%emt 0:00:11]} Ne5 {[%emt 0:00:03]} 13. c5 {[%emt 0:00:05]} Bd7 {[%emt 0:00:13]} 14. b4 {[%emt 0:00:04]} a5 {[%emt 0:00:15]} 15. Bc3 {[%emt 0:00:44]} axb4 {[%emt 0:00:37]} 16. axb4 {[%emt 0:00:01]} Rxa1+ {[%emt 0:00:02]} 17. Bxa1 {[%emt 0:00:01]} Qa8 {[%emt 0:00:01]} 18. Qb2 {[%emt 0:00:10]} Qa4 {[%emt 0:00:33]} 19. Be2 {[%emt 0:00:03]} Nd3+ {[%emt 0:00:03]} 20. Bxd3 {[%emt 0:00:02]} exd3 {[%emt 0:00:02]} 21. O-O {[%emt 0:00:14]} Ra8 {[%emt 0:00:02]} 22. b5 {[%emt 0:00:21]} Qa2 {[%emt 0:00:13]} 23. c6 {[%emt 0:00:21]} Qxb2 {[%emt 0:00:11]} 24. Bxb2 {[%emt 0:00:01]} bxc6 {[%emt 0:00:02]} 25. bxc6 {[%emt 0:00:00]} Bc8 {[%emt 0:00:02]} 26. Rd1 {[%emt 0:00:06]} Ra2 {[%emt 0:00:01]} 27. Bc3 {[%emt 0:00:09]} Ba6 {[%emt 0:00:01]} 28. c7 {[%emt 0:00:09]} Ne8 {[%emt 0:00:12]} 29. Rb1 {[%emt 0:00:02]} Nd6 {[%emt 0:00:22]} 30. Rb8+ {[%emt 0:00:03]} Nc8 {[%emt 0:00:01]} 31. Nf5 {[%emt 0:00:06]} Kf8 {[%emt 0:00:02]} 32. Nd6 {[%emt 0:00:01]} Ke7 {[%emt 0:00:07]} 33. Nxc8+ {[%emt 0:00:02]} Bxc8 {[%emt 0:00:01]} 34. Rxc8 {[%emt 0:00:01]} Kd7 {[%emt 0:00:01]} 35. Rd8+ {[%emt 0:00:02]} Kxc7 {[%emt 0:00:02]} 36. Rxd5 {[%emt 0:00:01]} 1-0

[Event "53rd Biel Blitz 2020"]
[Site "Biel"]
[Date "2020.07.25"]
[Round "11.4"]
[White "Wojtaszek, Radoslaw"]
[Black "Adams, Michael"]
[Result "1/2-1/2"]
[WhiteElo "2690"]
[BlackElo "2709"]
[Annotator "TA"]
[PlyCount "84"]
[EventDate "2020.07.21"]
[EventType "tourn"]
[EventCountry "SUI"]
[SourceTitle "playchess.com"]
[Source "ChessBase"]
[SourceQuality "1"]

{[%evp 9,84,30,21,25,28,29,29,25,31,18,31,31,34,30,35,32,26,27,30,35,35,18,24,4,12,-10,13,14,65,38,46,46,42,44,68,69,58,65,60,67,47,64,65,54,68,0,0,0,0,0,0,0,0,0,0,0,-4,-1,-3,-21,0,-11,-11,-11,0,0,0,0,0,0,0,0,0,0,0,0,0]} 1. d4 Nf6 2. c4 e6 3. Nf3 d5 4. Nc3 a6 5. cxd5 exd5 6. Bg5 {D37: Queen's Gambit Declined: 5 Bf4.} Be6 7. e3 Nbd7 8. Bd3 {White has an edge.} Bd6 9. h3 c6 10. Bf4 Qc7 11. Qd2 O-O 12. O-O Rfe8 13. Bxd6 Qxd6 14. a3 h6 15. b4 b5 {[#]} 16. Ne2 $146 ({Predecessor:} 16. Rfc1 Nb6 17. Ne2 Nc4 18. Qc3 Ne4 19. Bxe4 dxe4 20. Ne5 a5 21. Nf4 axb4 22. axb4 {1-0 (42) Webb,L (2311)-De Verdier,M (2277) Daventry 2019}) 16... Nb6 17. Nf4 Nfd7 18. Qc3 Rec8 (18... Nc4 $11) 19. Rfe1 Nc4 20. Nxe6 Qxe6 21. e4 dxe4 22. Rxe4 Qd5 23. Rae1 a5 24. bxa5 Nf6 25. Re7 {Threatens to win with Ne5.} Nxa5 26. Ne5 $1 Rf8 27. Ng4 (27. Rc7 $14) 27... Nxg4 $11 {The position is equal.} 28. hxg4 Nc4 29. Bxc4 Qxc4 30. Qxc4 bxc4 {[%mdl 4096] Endgame KRR-KRR} 31. Rc1 Ra4 32. Rc3 Rd8 33. Re4 Kf8 34. f3 Rb8 35. Kf2 Rb3 36. Rce3 {[%csl Ge3][%cal Re4e8] [#]} Ra8 (36... g5 {with more complications.} 37. Re8+ Kg7 38. Rc8 Raxa3 39. Re2 Ra6) 37. Re5 Rbxa3 38. Rxa3 Rxa3 39. Rc5 {[%mdl 64] [#] Double Attack} Ra2+ 40. Kg3 Rd2 41. Rxc4 Ke7 42. Rxc6 Rxd4 {Accuracy: White = 94%, Black = 97%.} 1/2-1/2

[Event "53rd Biel Blitz 2020"]
[Site "Biel"]
[Date "2020.07.25"]
[Round "12.1"]
[White "Edouard, Romain"]
[Black "Studer, Noel"]
[Result "0-1"]
[WhiteElo "2614"]
[BlackElo "2422"]
[Annotator "TA"]
[PlyCount "65"]
[EventDate "2020.07.21"]
[EventType "tourn"]
[EventCountry "SUI"]
[SourceTitle "playchess.com"]
[Source "ChessBase"]
[SourceQuality "1"]

{[%evp 15,65,7,13,13,12,0,14,12,29,16,27,14,7,0,0,-4,-4,-4,0,-22,0,0,0,-14,0,0,0,0,0,0,0,0,0,0,0,0,0,0,0,0,0,0,3,0,0,0,0,0,0,0,102,0]} 1. c4 e5 2. Nc3 Nf6 3. Nf3 Nc6 4. g3 d5 5. cxd5 Nxd5 6. Bg2 Bc5 7. O-O O-O 8. d3 h6 {8...Re8 is the modern continuation. Played by Ian Nepomniachtchi in May 2020.} 9. Nxd5 {A29: English Opening: Four Knights Variation with 4 g3.} Qxd5 10. Bd2 Re8 11. Bc3 {[#] The position is equal.} Qd8 $146 ({Predecessor:} 11... Qd6 12. Nd2 Bd4 13. Qb3 Rb8 14. a3 Be6 15. Qc2 Bd5 16. Ne4 Bxe4 17. Bxe4 Ne7 {1-0 (51) Zornow,T-Samjeske,T Germany 1995}) 12. Nxe5 Nd4 13. Bxd4 Bxd4 14. Nc4 Bg4 15. Ne3 Bxe3 16. fxe3 Rxe3 {White must now prevent ...Qd4.} 17. Qb3 (17. Qa4 $5 {[%cal Ra4g4]} Qg5 18. Bxb7 $11) 17... Qe7 18. Qxb7 Re8 19. Rac1 Rxe2 20. Rxc7 Qe3+ 21. Kh1 Be6 22. Rcxf7 Bxf7 23. Qxf7+ Kh8 24. Be4 Rxe4 25. Qf8+ Kh7 26. Qf5+ Kh8 27. Qf8+ Kh7 28. Qf5+ Kh8 29. dxe4 $40 {[%mdl 128] Black needs to defend precisely.} Qd2 30. Qf8+ Kh7 31. Qf5+ Kh8 32. Qh3 {[#] Intending Rf8+ and mate.} Qb4 (32... Kh7 $11 {keeps the balance.}) 33. Qe6 {[%mdl 32768] Accuracy: White = 95%, Black = 92%. . Loss on time!?} (33. Qc8+ $16 Kh7 34. Qf5+ Kg8 35. Qf7+ Kh7 36. Qf5+ Kg8 37. Qe6+ Kh7 38. Qf5+) 0-1

[Event "53rd Biel Blitz 2020"]
[Site "Biel"]
[Date "2020.07.25"]
[Round "12.2"]
[White "Anton Guijarro, David"]
[Black "Harikrishna, Pentala"]
[Result "0-1"]
[WhiteElo "2590"]
[BlackElo "2663"]
[Annotator "TA"]
[PlyCount "156"]
[EventDate "2020.07.21"]
[EventType "tourn"]
[EventCountry "SUI"]
[SourceTitle "playchess.com"]
[Source "ChessBase"]
[SourceQuality "1"]

{[%evp 13,156,30,33,29,33,22,33,28,29,31,31,33,35,35,45,23,23,20,26,25,36,30,48,29,55,11,18,20,14,29,16,0,19,0,0,0,24,10,24,0,0,0,24,16,9,0,0,0,0,-10,-11,-49,0,-2,0,-66,-68,-156,-133,-141,-122,-277,-283,-282,-257,-415,-402,-400,-400,-472,-424,-643,-656,-726,-504,-463,-470,-524,-392,-376,-382,-443,-442,-387,-438,-434,-421,-493,-470,-475,-462,-547,-447,-428,-420,-515,0,-358,-314,-828,-852,-938,-949,-838,-837,-825,-792,-679,-570,-1541,-1468,-2148,-2089,-2011,-1810,-2483,-2317,-29941,-12850,-12726,-1621,-1405,-1321,-1295,-1213,-1082,-1082,-1069,-871,-29978,-29978,-29977,-29978,-29979,-29980,-29980,-29981,-29982,-29983,-29983,-29984,-29984,-29985,-29985,-29986]} 1. Nf3 d5 2. b3 Nf6 3. Bb2 g6 4. c4 c6 5. e3 Bg7 6. Be2 O-O 7. O-O Bg4 8. d3 {A12: English Opening: 1...c6 with b3 by White.} Re8 9. Nbd2 {[#]} a5 $146 ({Predecessor:} 9... Nbd7 10. h3 Bxf3 11. Nxf3 e5 12. cxd5 Nxd5 13. Qc2 a5 14. a3 Qe7 15. Nd2 Nc5 {0-1 (54) Svenn,G (2322)-Rosberg,S (2299) Sweden 2018}) 10. h3 {White is slightly better.} Bxf3 11. Nxf3 e6 12. Qc2 Nbd7 13. Rfd1 Qe7 14. Rac1 a4 15. Bc3 axb3 16. axb3 Ra7 17. Ra1 Rea8 18. Rxa7 Rxa7 19. b4 Ne8 20. Bxg7 Kxg7 21. c5 Nef6 22. d4 Qd8 23. b5 Qa8 24. Rb1 Ra3 25. Bd3 Qa5 26. Rb3 Ra1+ 27. Rb1 Ra4 28. bxc6 bxc6 29. Qd2 Qxd2 30. Nxd2 e5 31. Nb3 exd4 32. exd4 Nf8 33. Ra1 $1 {[%cal Ra1a4]} Rb4 34. Bc2 (34. Na5 $1 $11) 34... Ne6 $15 35. Rd1 {White is now going downhill.} ({White should play} 35. Ra6 $15) 35... h5 36. g3 Ne8 37. Rd2 $2 {[#]} (37. Ra1 $17 {might work better.}) 37... N8c7 $1 $19 38. Bd1 Nb5 39. Na5 $2 (39. Kf1 {was called for.}) 39... Nbxd4 40. Kg2 Rb5 41. Ra2 Nxc5 42. h4 (42. Rd2 $142) 42... Ne4 43. Ra4 Nc3 44. Rxd4 Rxa5 {[%mdl 4096] Endgame KRB-KRN} 45. Bf3 Kf6 46. Rd3 Rc5 47. g4 hxg4 48. Bxg4 Ne4 49. Bf3 Nd6 50. h5 gxh5 51. Bxh5 Rc2 52. Rf3+ Ke7 53. Re3+ Kd7 54. Rf3 Ke7 55. Re3+ $1 Kf8 56. Bf3 $2 {[#]} (56. Ra3) 56... Nf5 57. Ra3 Nh4+ 58. Kg3 Nxf3 59. Kxf3 {KR-KR} Ke7 60. Ke3 Rc4 61. f3 f5 62. Ra8 f4+ 63. Kd3 Kd6 64. Rd8+ Kc5 65. Rf8 Ra4 66. Rf6 Kb5 (66... Ra3+ $142 67. Ke2 d4 68. Rxf4 Kc4) 67. Rf5 Rc4 68. Re5 Rb4 69. Rf5 Ra4 70. Rg5 Ra3+ 71. Ke2 Kc4 {Black mates.} 72. Rf5 Ra2+ 73. Kf1 d4 74. Rxf4 c5 75. Rf8 d3 76. Rd8 Kc3 77. f4 Ra1+ 78. Kf2 d2 {Accuracy: White = 57%, Black = 89%.} 0-1